000 01043nas a2200313 4500
001 BR9500555
003 BR-BrBNA
005 20231205093836.0
007 ta
008 230509b bl.|||p| |||| 00| 00por d
040 _aBR-BrBNA
_bpor
_cBiblioteca Nacional de Agricultura
041 _a(Pt)
072 _aQ54; L51
100 1 _aFigueira, D.G.
100 1 _aSampaio, I.B.M.
100 1 _aAroeira, L.J.M.
100 1 _aLopes, F.C.F.
100 1 _aRodrigues, N.M.
100 1 _aTorres, M.P.
245 1 _aDinamica ruminal e pos ruminal da cana-de-acucar e do farelo de algodao em bovinos alimentados com farelo de algodao e cana-de-acucar suplementada com tres diferentes niveis de ureia
650 _aBovino
650 _aCana de Acucar
650 _aAlgodao
650 _aFarelo
650 _aSuplemento Alimentar
773 0 _tArquivo Brasileiro de Medicina Veterinaria e Zootecnia (Brazil)
_xISSN 0102-0935
_g(Feb 1993), v. 45(1) p. 71-80
_wBR9500555
909 _a202311
_bLúcia
_c55
_dLúcia Elande
942 _2AGRIS
_n0
_cANA
999 _c140678
_d140678